000
00239 a2200097 4500
001
22890
100
_a
Plonsey, R
245
_a
Principles and Application of Electromagnetic Fields
260
_a
_b
McGraw-Hill
_c
1961
090
_c
15490
_d
15490
942
_a
NUST-CAE
_c
M
_c
6103
999
_c
257963
_d
257963